Mitglieder der OECD nach Beitrittsjahr - Statistiken

Allgemein
  • Dieses Quiz wurde 4 mal gespielt
  • Das Durchschnittsergebnis liegt bei 25 aus 38
Antwortstatistiken
Beitrittsjahr Mitgliedsstaat % Korrekt
1961 Deutschland
100%
1969 Finnland
100%
1964 Japan
100%
1961 Kanada
100%
1961 Norwegen
100%
1961 Schweden
100%
1961 Vereinigtes Königreich
100%
1961 Vereinigte Staaten
100%
1971 Australien
75%
1961 Belgien
75%
1961 Frankreich
75%
1961 Irland
75%
1961 Italien
75%
1961 Luxemburg
75%
1994 Mexiko
75%
1973 Neuseeland
75%
1961 Österreich
75%
1996 Polen
75%
1961 Schweiz
75%
2010 Slowenien
75%
1961 Spanien
75%
1995 Tschechien
75%
1996 Ungarn
75%
1961 Dänemark
50%
1961 Griechenland
50%
2010 Israel
50%
1961 Niederlande
50%
1961 Portugal
50%
2010 Slowakei
50%
1996 Südkorea
50%
1961 Türkei
50%
2010 Chile
25%
2021 Costa Rica
25%
2010 Estland
25%
1961 Island
25%
2020 Kolumbien
25%
2016 Lettland
25%
2018 Litauen
25%
Keine übereinstimmenden Quizze gefunden
Verteilung der Resultate
Anzahl Personen mit jedem Resultat
Perzentil nach korrekt beantworteten Fragen
Ihre Resultats-Entwicklung
Sie haben dieses Quiz noch nicht gespielt